Callum McGeary quiz Stats

 Plays Quiz not verified by Sporcle

Challenge
Share
Tweet
Embed
Score 0/9 Timer 01:30
0 Plays Today
% Correct
Ciggarettes
94.3%
Polishing his dogs
84.9%
NOS
77.4%
Sucking Kierans Dick
73.6%
Sarah Peary
67.9%
Complaining
62.3%
Instagram
62.3%
Complaining more
60.4%
Vegetables
58.5%

You're not logged in!

Compare scores with friends on all Sporcle quizzes.
Join for Free
OR
Log In

You Might Also Like...

Show Comments

Extras

Created May 9, 2016ReportFavoriteNominate
Tags:Clickable Quiz

Top Quizzes Today


Score Distribution

Your Account Isn't Verified!

In order to create a playlist on Sporcle, you need to verify the email address you used during registration. Go to your Sporcle Settings to finish the process.

Report this User

Report this user for behavior that violates our Community Guidelines.

Details: